000 01641nam a2200361 c 4500
999 _c186396
_d186396
003 BLK
005 20230411030321.0
008 180411b bul|||||r ||||||| ||bul||
010 _aKNG00195391000
040 _aBLK
041 _aBUL
_cBUL
080 _aБългарска литература
_b821.163.2
_x-4
_z821.163.2-4
080 _aНационалнореволюционно движение през 70-те години
_b94(497.2)"187..."
_x(092)(0:82-4)
_z94(497.2)"187..."(092)(0:82-4)
080 _aВасил Иванов Кунчев, известен и като Апостола на свободата, идеолог и организатор на българската национална революция, национален герой
_b929 Левски, Васил
_z929 Левски, Васил
100 1 _aМутафчиева, Вера Петрова
_d1929-2009
_gписател, историк-османист
_9363840
139 _aМутафчиева, Вера Петрова
_bМ 96
245 1 0 _aПроцесът - 1873
_bЛевски пред съда : Есе
_cВера Петрова Мутафчиева.
250 _a2. изд.
257 _aBGR
260 _bХристо Г. Данов
_c1972
_aПлодив
300 _a116 с.
_c21 см
380 _aX
500 _a1. изд. 1972. - 20 300 тир.
653 _aВасил Левски
653 _aесета
852 _aЦб 66131
856 4 _qpdf
856 4 _qpdf
942 _cKNG
_n0
_02
_s1
944 _aCR
_c08.11.2016
_kКети_Илиева
944 _aED
_c08.11.2016
_kКети_Илиева
999 _d186396